1910 1010 1381 1625 1095 1086 1450 1464 1096 1945 1945 1238 1053 1557 1941 1321 1386 1661 1944 1613 1978 1174 1155 1220 1157 1426 1963 1822 1653 1269 1286 1444 1923 1440 1391 1905 1752 1797 1718 1158 1182 1977 1248 1160 1177 1494 1020 1135 1042 1809 1628 1803 1793 1286 1616 1385 1029 1944 1159 1179 1534 1799 1612 1497 1510 1088 1019 1518 1491 1322 1250 1906 1068 1558 1953 1564 1411 1039 1297 1677 1842 1945 1657 1673 1267 1254 1702 1798 1007 1998 1092 1445 1924 1525 1020 1027 1967 1724 1435 BCNSPRNW ULIB Ver.6.0+V

เปลี่ยนเป็นภาษาไทย

Change to English
 แสดงรายละเอียดบรรณานุกรม
  กลับหน้าหลัก

Brief Record : Get Marc (ISO 2709) : E-mail record : QR code < ปิดหน้าต่าง
LEADER : 00000nam 2200000uu 4500
001    13399120274
003     ULIB
008    120918s2549||||th 000 0 tha d
020    ^a9741319517
020    ^a9789741319510
060 04 ^aWY160^bอ332ก 2549
100 0  ^aอรพรรณ ลือบุญธวัชชัย
245 10 ^aการพยาบาลสุขภาพจิตและจิตเวช /^cอรพรรณ ลือบุญธวัชชัย
250    ^aพิมพ์ครั้งที่ 3
260    ^aกรุงเทพฯ :^bสำนักพิมพ์แห่งจุฬาลงกรณ์มหาวิทยาลัย,^c2549
300    ^a360 หน้า :^c21 ซม.
650  7 ^aการพยาบาลจิตเวชศาสตร์
650  7 ^aผู้ป่วยจิตเวช^xการดูแล
650  7 ^aสุขภาพจิต
945    ^p220^l0^i24763
995    ^aวิภา
999 ^a ใช้งานได้ทุกระบบ
รายการนี้ยังไม่มีแท็ก
คุณยังไม่ได้ล็อกอิน คุณสามารถมีกิจกรรมร่วมกับเว็บไซต์ได้ แต่ต้องล็อกอินก่อน ::
  ล็อกอิน

รายการสื่อสารสนเทศ

ลำดับที่ ประเภท เลขเรียก/บาร์โค้ด สถานที่ สถานะ
1. วิทยาศาสตร์การแพทย์ และสุขภาพ
วิทยาศาสตร์การแพทย์ และสุขภาพ
WY160 อ332ก 2549  
  Barcode: 24763
ห้องสมุดวิทยาเขตนครสวรรค์
►ส่วนจัดเก็บหนังสือเก่า นว.
บนชั้น
  ขอยืม

รายการใกล้เคียง
    ผู้แต่ง [อรพรรณ ลือบุญธวัชชัย]

    หัวเรื่อง [การพยาบาลจิตเวชศาสตร์]
    หัวเรื่อง [ผู้ป่วยจิตเวช การดูแล]
    หัวเรื่อง [สุขภาพจิต]

BibComment


ยังไม่เคยถูกคอมเมนท์

คอมเมนท์ทรัพยากรรายการนี้
  คอมเมนท์: การพยาบาลสุขภาพจ..


 Copyright 2026. Bcnsprnw @Library